Nezávislosť od zdrojov z medzibankového trhu umožňuje Prvej komunálnej banke zvyšovať zisk

Prvá komunálna banka, a.s. Žilina pripravuje v spolupráci s Európskou bankou pre obnovu a rozvoj Program investovania do komunálnej sféry a ekologickej infraštruktúry. Bilančná suma PKB, a.s. Aktíva, pasíva banky. Činnosť banky odjej založenia.

Na minha lista:
Detalhes bibliográficos
Autor principal: Kovalčík, J.
Formato: Capítulo de Livro
Idioma:eslovaco
Assuntos:
Tags: Adicionar Tag
Sem tags, seja o primeiro a adicionar uma tag!

MARC

LEADER 00000naa a2200000 4500
001 r028010
005 20230921082054.0
041 0 |a slo 
044 |a SK 
245 1 0 |a Nezávislosť od zdrojov z medzibankového trhu umožňuje Prvej komunálnej banke zvyšovať zisk  |c J. Kovalčík 
520 |a Prvá komunálna banka, a.s. Žilina pripravuje v spolupráci s Európskou bankou pre obnovu a rozvoj Program investovania do komunálnej sféry a ekologickej infraštruktúry. Bilančná suma PKB, a.s. Aktíva, pasíva banky. Činnosť banky odjej založenia. 
610 2 0 |a Prvá komunálna banka, a.s. Žilina 
610 2 0 |a aktíva 
610 2 0 |a pasíva 
610 2 0 |a programy investičné 
610 2 0 |a investovanie 
100 1 |a Kovalčík, J.